- Lurii︠a︡, A. R.
Entry Nombre Personal
001 - NUMERO DE CONTROL
- campo de control: 31333
003 - IDENTIFICADOR DE NUMERO DE CONTROL
- campo de control: DLC
005 - FECHA Y HORA DE LA ÜLTIMA TRANSACCIÓN
- campo de control: 20220919104257.0
008 - DATOS DE LONGITUD FIJA
- campo de control de longitud fija: 220919n| azannaabn |b aaa
010 ## - NÚMERO DE CONTROL DE LA BIBLIOTECA DEL CONGRESO
- Número de control LC: n 79026717
035 ## - NUMERO DE CONTROL
- Número de control: (OCoLC)oca00260431
040 ## - FUENTE DE CATALOGACIÓN
- Agencia original de catalogación: DLC
- Lenguaje de catalogación: spa
- Description conventions: rda
- Agencia de transcripción: DLC
- Agencia que lo modifica: DLC
- Agencia que lo modifica: OrU
- Agencia que lo modifica: MX-MxUPN
046 ## - FECHAS CON CODIFICACIÓN ESPECIAL
- Fecha de nacimiento: 1902
- Fecha de muerte: 1977-08
- Fuente del formato de fecha: edtf
100 1# - ENCABEZAMIENTO - NOMBRE PERSONAL
- Nombre personal: Lurii︠a︡, A. R.
- Fuller form of name: (Aleksandr Romanovich),
- Fechas asociadas con el nombre: 1902-1977
400 1# - VEÁSE - NOMBRE DE PERSONA
- Personal name: Лурия, А. Р.
- Fuller form of name: (Александр Романович),
- Dates associated with a name: 1902-1977
400 1# - VEÁSE - NOMBRE DE PERSONA
- Personal name: Lourii︠a︡, Aleksandr Romanovitch,
- Dates associated with a name: 1902-1977
400 1# - VEÁSE - NOMBRE DE PERSONA
- Personal name: Luriya, A.,
- Dates associated with a name: 1902-1977
400 1# - VEÁSE - NOMBRE DE PERSONA
- Personal name: Luria, Alexander R.,
- Dates associated with a name: 1902-1977
400 1# - VEÁSE - NOMBRE DE PERSONA
- Control subfield: nna
- Personal name: Lurii︠a︡, Aleksandr Romanovich,
- Dates associated with a name: 1902-1977
400 1# - VEÁSE - NOMBRE DE PERSONA
- Personal name: Lurija, A. R.,
- Dates associated with a name: 1902-1977
400 1# - VEÁSE - NOMBRE DE PERSONA
- Personal name: Luria, A. R.,
- Dates associated with a name: 1902-1977
670 ## - FUENTE EN LA QUE SE LOCALIZARON DATOS
- Cita de la fuente: En su obra: The nature of human conflicts ...
670 ## - FUENTE EN LA QUE SE LOCALIZARON DATOS
- Cita de la fuente: En su obra: Language and cognition, 1981:
- Información localizada: portada (Alexander R. Luria) jkt. (b. 1902; d. August 1977)
902 ## - CATALOGADOR
- Catalogador: NDAF/190922
